| 000 | 00636nam a2200205 a 4500 | ||
|---|---|---|---|
| 005 | 20210223123808.0 | ||
| 008 | 991125n 000 0 eng u | ||
| 035 | _aUPN01000066291 | ||
| 100 | _aRothlisberg, Barbara A. | ||
| 222 | _aJOURNAL OF SCHOOL PSYCHOLOGY | ||
| 245 | _aBrief reports : performance of a referred sample on the Stanford-Binet IV ant the K-ABC | ||
| 300 | _a367-370 | ||
| 362 | _a1991 29, no. 4 | ||
| 653 | 0 | _aESTUDIANTES DE LA ESCUELA ELEMENTAL | |
| 653 | 0 | _aEXPERIENCIA COMPARADA | |
| 653 | 0 |
_aINTELIGENCIA - _xPRUEBAS |
|
| 700 | 1 |
_aMcIntosh, David E. _929649 |
|
| 904 |
_aAC _b004102 |
||
| 905 | _aArticulo | ||
| 999 |
_c63430 _d63430 |
||